Maurizio Pollini interpreta Chopin (Record n. 100357)
[ formato base ]
| 000 -LEADER | |
|---|---|
| fixed length control field | 01136njm a2200277Ia 4500 |
| 001 - CONTROL NUMBER | |
| control field | E1325 |
| 003 - CONTROL NUMBER IDENTIFIER | |
| control field | IT-RoPAU |
| 005 - DATE AND TIME OF LATEST TRANSACTION | |
| control field | 20220918181128.0 |
| 008 - FIXED-LENGTH DATA ELEMENTS--GENERAL INFORMATION | |
| fixed length control field | 131025s9999 xx 000 0 und d |
| 040 ## - CATALOGING SOURCE | |
| Original cataloging agency | IT-RoPAU |
| 040 ## - CATALOGING SOURCE | |
| Transcribing agency | IT-RoPAU |
| 999 ## - SYSTEM CONTROL NUMBERS (KOHA) | |
| Koha Dewey Subclass [OBSOLETE] | n.d. |
| 100 ## - MAIN ENTRY--PERSONAL NAME | |
| Personal name | Chopin Fryderyk |
| 9 (RLIN) | 31415 |
| 100 ## - MAIN ENTRY--PERSONAL NAME | |
| Relator term | Autore musica |
| 9 (RLIN) | 31416 |
| 100 ## - MAIN ENTRY--PERSONAL NAME | |
| Miscellaneous information | Codice autore musica SPICS: 8056 |
| 9 (RLIN) | 31417 |
| 245 ## - TITLE STATEMENT | |
| Title | Maurizio Pollini interpreta Chopin |
| 250 ## - EDITION STATEMENT | |
| Edition statement | 1a ed. |
| 260 ## - PUBLICATION, DISTRIBUTION, ETC. (IMPRINT) | |
| Place of publication, distribution, etc. | ITALIA |
| 260 ## - PUBLICATION, DISTRIBUTION, ETC. (IMPRINT) | |
| Name of publisher, distributor, etc. | EMI - LA VOCE DEL PADRONE |
| Date of publication, distribution, etc. | 1968 [1a Ed.:1968 - Ed. Lingua Orig.: 1840] |
| 300 ## - PHYSICAL DESCRIPTION | |
| Extent | DISCO |
| 500 ## - GENERAL NOTE | |
| General note | Musica classica. |
| 505 ## - FORMATTED CONTENTS NOTE | |
| Formatted contents note | Polacca n. 5 in fa diesis minore op. 44 - Notturno n. 7 in do diesis minore, op. 27 n. 1 - Notturno n. 8 in re bemolle maggiore op. 27 n. 2 - Ballata n. 1 in sol minore op. 23 - Notturno n. 4 in fa maggiore op. 15 n. 1 - Notturno n. 5 in fa diesis maggiore op. 15 n. 2 - Polacca n. 6 in la bemolle maggiore op. 53 "Eroica". |
| 650 ## - SUBJECT ADDED ENTRY--TOPICAL TERM | |
| Topical term or geographic name as entry element | CLASSICA [DISCHI] |
| Relator term | Codice MATERIA SPICS: 9950 |
| 9 (RLIN) | 1157 |
| 700 ## - ADDED ENTRY--PERSONAL NAME | |
| Personal name | Pollini Maurizio |
| Miscellaneous information | Codice interprete SPICS: 47107 |
| Relator term | Interprete |
| 9 (RLIN) | 31418 |
| 942 ## - ADDED ENTRY ELEMENTS (KOHA) | |
| Koha item type | DISCHI |
| Source of classification or shelving scheme | Dewey Decimal Classification |
| Withdrawn status | Lost status | Damaged status | Not for loan | Home library | Current library | Date acquired | Total Checkouts | Full call number | Date last seen | Price effective from | Koha item type | Public note |
|---|---|---|---|---|---|---|---|---|---|---|---|---|
| Buone Condizioni | Not For Loan | SPICS-MEDIATECA | SPICS-MEDIATECA | 25/10/2013 | E1325 | 25/10/2013 | 25/10/2013 | DISCHI | Progr. Ins.: 2329 / N.Vol.: 1 / Copie: 1 - Copia rara: n.d. / date import: 01.01.2014 - By Epidotti, Trombetti, Vaglietti |